|
|
|
|
| LEADER |
00000nab a2200000 a 4500 |
| 001 |
vtls000690453 |
| 003 |
SK-MaSNL |
| 005 |
20260304084106.0 |
| 008 |
250425c1998 xo 0 slo |
| 015 |
|
|
|a SNBRB1999/03-06833
|
| 035 |
|
|
|a CLN000042620
|
| 035 |
|
|
|a urn:nbn:sk:snk-ab6w7c
|
| 035 |
|
|
|a (uuid)55440bf7-1558-4309-a9e9-735e29614c59
|
| 035 |
|
|
|a (urnnbn)urn:nbn:sk:snk:ar-a0627y
|
| 035 |
|
|
|a (sysno)vtls000690453
|
| 040 |
|
|
|a SNKBUCL
|b slo
|c SNKBUCL
|e AACR2
|
| 041 |
0 |
|
|a slo
|
| 044 |
|
|
|a xo
|c SK
|
| 080 |
|
|
|a 618:061.22(437.6)
|2 1997
|
| 080 |
|
|
|a 614.258(437.6):618
|2 1997
|
| 245 |
0 |
0 |
|a Výročná schôdza Slovenskej gynekologicko-pôrodníckej spoločnosti
|c zapísal Michal Valent
|
| 610 |
|
7 |
|a Slovenská gynekologicko-pôrodnícka spoločnosť
|x schôdze výročné
|y 4.9.1998
|2 snkbucl
|9 1376009
|
| 655 |
|
7 |
|a články z novín a časopisov
|2 snkbucl
|9 267496
|
| 700 |
1 |
|
|a Valent, Michal,
|d 1929-2020
|4 oth
|9 224017
|
| 773 |
0 |
|
|t Slovenská gynekológia a pôrodníctvo
|g Roč. 5, č. 4 (1998), s. 198-199
|x 1335-0862
|
| 850 |
|
|
|a Slovenská národná knižnica
|
| 852 |
|
|
|a Slovenská národná knižnica
|
| 954 |
|
|
|a odborná, vedecká literatúra pôvodná (slovenská)
|2 lita
|
| 958 |
|
|
|a article27
|
| 958 |
|
|
|a SK
|
| 958 |
|
|
|a OND
|
| 958 |
|
|
|a EUIPO
|
| 999 |
|
|
|c 2802040
|d 2803970
|